| 000 | 00796nam a2200217 a 4500 | ||
|---|---|---|---|
| 001 | 3389 | ||
| 003 | CDMR | ||
| 005 | 20130515111141.0 | ||
| 008 | 130130s ||||||||||||||||||||||||||||d | ||
| 020 | _a8434415992 | ||
| 040 |
_aCDMR _bcat _cCPC GIRONA |
||
| 100 | 1 |
_aCarreras i Serra, Lluís de _91753 |
|
| 245 | 1 | 0 |
_aRégimen jurídico de la información _b: periodistas y medios de comunicación _cLluís de Carreras Serra ; prólogo de Manuel Jiménez de Parga |
| 260 |
_aBarcelona _bAriel |
||
| 260 |
_bCentre d'Investigació de la Comunicació de la Generalitat de Catalunya _c1996 |
||
| 300 | _a318 p. | ||
| 490 | _aAriel Derecho | ||
| 650 | 0 | 4 |
_93208 _aPeriodisme _xDret i legislació _zEspanya |
| 650 | 0 | 4 |
_93370 _aMitjans de comunicació de massa _xDret i legislació _zEspanya |
| 942 |
_cMON _2udc |
||
| 999 |
_c3389 _d3389 |
||